Intranet web development

<Intranet> concepts and Architecture - server; Intranet concepts and Architecture - Client; Application Building blocks. Contructing information resources additional information servers appendices (samples, case study, server products, CD ROM )

Сохранить в:
Библиографические подробности
Главный автор: Desborough, John
Формат:
Язык:Undetermined
Опубликовано: Indianapolis, Ind. New Riders Pub. 1996
Предметы:
Метки: Добавить метку
Нет меток, Требуется 1-ая метка записи!
Thư viện lưu trữ: Trung tâm Học liệu Trường Đại học Cần Thơ
LEADER 00833nam a2200193Ia 4500
001 CTU_23255
008 210402s9999 xx 000 0 und d
082 |a 005.2 
082 |b D444 
100 |a Desborough, John 
245 0 |a Intranet web development 
245 0 |c John Desborough ; contribution by Brian Croft 
260 |a Indianapolis, Ind. 
260 |b New Riders Pub. 
260 |c 1996 
520 |a <Intranet> concepts and Architecture - server; Intranet concepts and Architecture - Client; Application Building blocks. Contructing information resources additional information servers appendices (samples, case study, server products, CD ROM ) 
650 |a Intranets (Computer networks),Mạng nội bộ (Mạng máy tính) 
904 |i Quyên,980520 
980 |a Trung tâm Học liệu Trường Đại học Cần Thơ